Pokémon - Les attaques de Cresselia - Statistiques

Statistiques générales
  • Ce quiz a été pris 22 fois
  • Le résultat moyen est 10 sur 14
Statistiques - réponses
Niveaux Types Noms des attaques % Correct
Départ Psy Choc Mental
100%
Niveau 54 Psy Psyko
100%
Niveau 12 Glace Onde Boréale
93%
Niveau 60 Fée Pouvoir Lunaire
93%
Niveau 66 Psy Prescience
93%
Niveau 18 Psy Rafale Psy
86%
Niveau 42 Fée Rayon Lune
79%
Niveau 6 Glace Brume
71%
Niveau 48 Normal Rune Protect
64%
Niveau 72 Psy Danse Lune
57%
Niveau 36 Psy Coupe Psycho
50%
Niveau 24 Psy Échange Psy
36%
Départ Normal Reflet
36%
Niveau 30 Normal Tranche
21%
Aucun quiz correspondant
Distribution des résultats
% des personnes avec chaque résultat
Percentile par nombre de réponses
Votre historique - résultats
Vous n’avez pas pris ce quiz